MARC

LEADER 00000nam a2200000Ia 4500
001 1972, 1973, 1974
003 BGR
005 20260324175622.0
008 160829s1985 xx 000 0 cat d
080 |a FU-5-22, FU-5-23, FU-5-24 
245 |a La Sexualitat humana 
260 |a Barcelona :  |b Diputació de Barcelona. Servei de Joventut :  |b Ajuntament de Barcelona. Àrea de Joventut,  |c 1985 
300 |a 3 v. ;  |c 16'5 x 24'5 cm 
490 |a Col·lecció Quadernets de Joventut 
590 |a Conté: v. 1: 35 qüestions a l'entorn de la sexualitat per a nois i noies de 14 a 17 anys; v. 2: Anatomia i fisiologia de la sexualitat; v. 3: 21 qüestions a l'entorn dels mètodes anticonceptius 
650 0 |a Educació sexual  |9 22139 
710 1 |a Barcelona (Catalunya : Província).  |b Servei de Joventut  |9 54681 
710 1 |a Barcelona (Catalunya).  |b Ajuntament  |9 50981 
901 |a Arxiu 
942 |n 1  |2 udc  |c MON 
952 |0 0  |1 0  |4 0  |6 FU522_FU523_FU524  |7 1  |9 46886  |a Arxiu  |b Arxiu  |d 2016-12-01  |l 0  |o FU-5-22, FU-5-23, FU-5-24  |p 1972, 1973, 1974  |r 2016-12-01 00:00:00  |w 2016-12-01  |y ARXIU 
999 |c 50679  |d 50679